000 00313nam a2200133Ia 4500
008 240624s9999 xx 000 0 und d
041 _aeng
082 _a658.4063 FIS
100 _aFISK PETER
245 _aBUSINESS GENIUS
260 _c2008
_aUK
_bCapstone
300 _ax, : 349 : p. : cm. ; 18
365 _c
_b30
999 _c12700
_d12700